Подробности
| 000 -МАРКЕР |
| контрольное поле |
03076nam0a2200409 4500 |
| 001 - ИДЕНТИФИКАТОР ЗАПИСИ |
| контрольное поле |
RU\NLR\BIBL_A\012726743 |
| 005 - ИДЕНТИФИКАТОР ВЕРСИИ |
| контрольное поле |
20220413120451.0 |
| 010 ## - МЕЖДУНАРОДНЫЙ СТАНДАРТНЫЙ НОМЕР КНИГИ (ISBN) |
| Номер (ISBN) |
978-5-235-04487-6 |
| Тираж |
3000 |
| 021 ## - НОМЕР ГОСУДАРСТВЕННОЙ РЕГИСТРАЦИИ |
| Код страны |
Российская Федерация |
| Номер |
КН-П-21-076447 |
| Номер Листа государственной регистраци |
КН-П-21-6090 |
| 035 ## - ДРУГИЕ СИСТЕМНЫЕ НОМЕРА |
| Идентификатор записи |
(NLR Aleph) 012726743 |
| 035 ## - ДРУГИЕ СИСТЕМНЫЕ НОМЕРА |
| Идентификатор записи |
(RuMoRGB)010862942 |
| 100 ## - ДАННЫЕ ОБЩЕЙ ОБРАБОТКИ |
| Данные общей обработки |
20220311d2021 u y0rusy50 ca |
| 101 0# - ЯЗЫК РЕСУРСА |
| Язык текста, звукозаписи и т.д. |
русский |
| 102 ## - СТРАНА ПУБЛИКАЦИИ ИЛИ ПРОИЗВОДСТВА |
| Страна публикации |
Российская Федерация |
| 105 ## - ПОЛЕ КОДИРОВАННЫХ ДАННЫХ: ТЕКСТОВЫЕ МАТЕРИАЛЫ, МОНОГРАФИЧЕСКИЕ |
| Кодированные данные о монографическом текстовом документе |
ac z 000zb |
| 181 #0 - ПОЛЕ КОДИРОВАННЫХ ДАННЫХ: ВИД СОДЕРЖАНИЯ |
| Код вида содержания (ISBD) |
i3 |
| Код характеристики содержания (ISBD) |
axxe |
| 182 #1 - ПОЛЕ КОДИРОВАННЫХ ДАННЫХ: ТИП СРЕДСТВА |
| Код типа средства (ISBD) |
n - непосредственное |
| 200 1# - ЗАГЛАВИЕ И СВЕДЕНИЯ ОБ ОТВЕТСТВЕННОСТИ |
| Основное заглавие |
Сергей Непобедимый |
| Первые сведения об ответственности |
Валерий Петров |
| 203 ## - ВИД СОДЕРЖАНИЯ И ТИП СРЕДСТВА |
| Вид содержания |
Текст |
| Дополнительные сведения об издании |
визуальный |
| Тип средства |
непосредственный |
| 210 ## - ПУБЛИКАЦИЯ, РАСПРОСТРАНЕНИЕ И ДР. |
| Место издания, распространения и т.д. |
Москва |
| Имя издателя, распространителя и т. д. |
Молодая гвардия |
| Дата издания, распространения и т.д. |
2021 |
| 215 ## - ФИЗИЧЕСКАЯ ХАРАКТЕРИСТИКА |
| Специфическое обозначение материала и объем |
264, [2] с., [16] л. цв. ил., портр. |
| Размеры |
21 |
| 225 1# - СЕРИЯ |
| Основное заглавие серии |
Жизнь замечательных людей |
| Сведения, относящиеся к заглавию |
серия биографий |
| Сведения об ответственности |
основана в 1890 г. Ф. Павленковым и продолжена в 1933 г. М. Горьким |
| Обозначение тома |
вып. 2096 (1896) |
| 300 ## - ОБЩИЕ ПРИМЕЧАНИЯ |
| Текст примечания |
На 4-й с. обл. авт.: В. Б. Петров, журналист |
| 330 ## - РЕЗЮМЕ ИЛИ РЕФЕРАТ |
| Текст примечания |
Сергей Павлович Непобедимый (1921-2014) - один из плеяды легендарных советских конструкторов, которые в условиях строгой секретности десятилетиями ковали оборонный щит нашей страны. Пройдя на Коломенском КБМ трудовой путь от инженера до генерального конструктора, он руководил созданием многих видов ракетной техники, до сих пор состоящих на вооружении Российской армии. Только в последние годы его имя стало известно широкой общественности и было золотыми буквами вписано в историю российской "оборонки". Книга Валерия Петрова - первая биография Непобедимого, правдиво и полно рассказывающая о его жизни и работе, о грозных "изделиях" военно-промышленного комплекса, созданных под его руководством |
| 333 ## - ПРИМЕЧАНИЯ ОБ ОСОБЕННОСТЯХ РАСПРОСТРАНЕНИЯ И ИСПОЛЬЗОВАНИЯ |
| Текст примечания |
16+ |
| 600 #1 - ИМЯ ЛИЦА КАК ПРЕДМЕТ |
| Начальный элемент ввода |
Непобедимый |
| Часть имени, кроме начального элемента ввода |
С. П. |
| Даты |
1921 - 2014 |
| Расширение инициалов личного имени |
Сергей Павлович |
| Системный номер авторитетной/нормативной записи |
2510037 |
| Идентификатор авторитетной/нормативной записи |
RU\NLR\AUTH\6601703122 |
| 675 ## - УНИВЕРСАЛЬНАЯ ДЕСЯТИЧНАЯ КЛАССИФИКАЦИЯ (UDC/УДК) |
| Индекс |
623.45(47+57)(092) |
| Издание |
4 |
| 686 1# - ИНДЕКСЫ ДРУГИХ КЛАССИФИКАЦИЙ |
| Индекс |
Ц501д(2)Непобедимый |
| 700 #1 - ИМЯ ЛИЦА - ПЕРВИЧНАЯ ОТВЕТСТВЕННОСТЬ |
| Графика поля |
Кириллица |
| Материалы, к которым относится поле |
rus |
| Начальный элемент ввода |
Петров |
| Часть имени, кроме начального элемента ввода |
В. Б. |
| Дополнения к именам, кроме дат |
журналист, обществ. деятель |
| Даты |
1946- |
| Расширение инициалов личного имени |
Валерий Борисович |
| Системный номер авторитетной/нормативной записи |
241047 |
| Идентификатор авторитетной/нормативной записи |
RU\NLR\AUTH\770241103 |
| 702 #1 - ИМЯ ЛИЦА - ВТОРИЧНАЯ ОТВЕТСТВЕННОСТЬ |
| Начальный элемент ввода |
Непобедимый |
| Часть имени, кроме начального элемента ввода |
С. П. |
| Даты |
1921-2014 |
| Расширение инициалов личного имени |
Сергей Павлович |
| Код отношения |
Объект посвящения |
| 942 ## - ДОПОЛНИТЕЛЬНЫЕ ЭЛЕМЕНТЫ ЗАПИСИ (АБИС) |
| Тип экземпляра АБИС |
Книга |
| 980 ## - КОЛЛЕКЦИЯ |
| Название коллекции |
Национальная библиография |